| 000 | 00432nam a2200181Ia 4500 | ||
|---|---|---|---|
| 008 | 101110s9999 xx 000 0 und d | ||
| 041 | _aENGLISH | ||
| 082 |
_bSR11108 _a828 |
||
| 100 | _aViktor Kolbanovsky | ||
| 245 | _aOur Sons and daughters | ||
| 520 | _aEnglish | ||
| 546 | _aENGLISH | ||
| 630 | _aOur Sons and daughters | ||
| 650 | _aEnglish | ||
| 655 | _aEnglish | ||
| 730 | _aOur Sons and daughters | ||
| 942 | _cBOOK | ||
| 999 |
_c805940 _d805937 |
||